Geografia quiz #25 - Miasta z największą liczbą ludności w Polsce - Statystyki

Ogólne statystyki
  • Ten quiz został rozwiązany 253 razy
  • Średni wynik to 9 z 10
Statystyki odpowiedzi
Miejsce Miasto Ludność % Poprawnych
1 Warszawa 1 861 975
100%
2 Kraków 803 283
99%
6 Gdańsk 486 345
97%
5 Poznań 541 316
95%
3 Wrocław 675 079
95%
4 Łódź 658 444
92%
7 Szczecin 391 566
90%
10 Białystok 292 600
85%
8 Lublin 331 243
84%
9 Bydgoszcz 330 038
75%
Nie znaleziono quizów pasujących do podanych kryteriów
Rozkład punktacji
Procent ludzi z każdym wynikiem
Percentyl według liczby udzielonych odpowiedzi
Twoja historia wyników
Nie rozwiązałeś tego quizu